Japan Breeding farm's Cup Sprint Winning Horse - Statistics

General Stats
  • This quiz has been taken 2 times
  • The average score is 2 of 21
Answer Stats
Answer % Correct
Espoir City エスポワールシチー
100%
Blue Concorde ブルーコンコルド
50%
Bamboo Yell バンブーエール
0%
Bulldog Boss ブルドッグボス
0%
Corin Berry コーリンベリー
0%
Dancing Prince ダンシングプリンス
0%
Danon Legend ダノンレジェンド
0%
Dream Valentino ドリームバレンチノ
0%
Fujino Wave フジノウェーブ
0%
Graceful Leap グレイスフルリープ
0%
Igniter イグナイター
0%
Meiner Select マイネルセレクト
0%
Nishiken Mononofu ニシケンモノノフ
0%
Nobo Jack ノボジャック
0%
Red le Zele レッドルゼル
0%
Sabuno Junior サブノジュニア
0%
South Vigorous サウスヴィグラス
0%
Sterling Rose スターリングローズ
0%
Summer Wind サマーウインド
0%
Suni スーニ
0%
Taisei Legend タイセイレジェンド
0%
No matching quizzes found
Score Distribution
Percent of People with Each Score
Percentile by Number Answered
Your Score History
You have not taken this quiz